00626nam a2200217Ia 4500003000400000005001700004008004100021020001900062040000700081041000800088082001300096100002900109245005000138260001900188300000900207650002000216700002700236942001300263999001900276952011300295OSt20260219102331.0250729s1984 xx 000 0 und d a978-0134074252 cAL aeng a551 TARE aTarbuck Edward J9229373 aThe earth:an introduction to physical geology aColumbusc1984 a594p aGeology9229374 aRao Digumurthi9229375 2ddccBED c238310d238310 00104070aALbALd2025-07-29eManagement Booksl0o551 TAREpBED03629r2025-07-29 16:56:35w2025-07-29yBK